| 000 | 01171cam a22003135a 4500 | ||
|---|---|---|---|
| 001 | 18380770 | ||
| 005 | 20160302110954.0 | ||
| 008 | 141113s2015 nyua frb f001 0 eng d | ||
| 020 | _a9780521138420 | ||
| 040 |
_aIEN/DLC _beng _cIEN _dDLC _dEG-ScBUE |
||
| 043 | _af------ | ||
| 082 | 0 | 4 |
_a321.8096 _224 _bCHE |
| 100 | 1 |
_aCheeseman, Nicholas, _d1979- _939473 |
|
| 245 | 1 | 0 |
_aDemocracy in Africa : _bsuccesses, failures, and the struggle for political reform / _cNic Cheeseman. |
| 260 |
_aNew York : _bCambridge University Press, _c2015. |
||
| 300 |
_axx, 247 p. : _bill. ; _c23 cm. |
||
| 490 | 0 |
_aNew approaches to African history ; _v9 |
|
| 500 | _aIndex : p. 239-247. | ||
| 504 | _aIncludes bibliographical references. | ||
| 650 | 0 |
_aDemocracy _zAfrica _xHistory. _2BUEsh |
|
| 650 | 0 |
_aDemocratization _zAfrica _xHistory. _2BUEsh |
|
| 650 | 0 |
_aPolitical parties _zAfrica _xHistory. _2BUEsh |
|
| 650 | 0 |
_aElections _zAfrica _xHistory. _2BUEsh |
|
| 650 | 0 |
_aPolitical participation _zAfrica. _2BUEsh |
|
| 651 | 0 |
_aAfrica _xPolitics and government _y1960- _2BUEsh |
|
| 651 | 0 |
_aAfrica _xPolitics and government _y1945-1960. _2BUEsh |
|
| 653 |
_bBUSBOL _cMarch2016 |
||
| 942 | _2ddc | ||
| 999 |
_c21299 _d21271 |
||